Methods for the examination of root systems and roots; (Record no. 144174)
[ view plain ]
| 000 -LEADER | |
|---|---|
| fixed length control field | 01037cam7a220026500 4500 |
| 001 - CONTROL NUMBER | |
| control field | lce00798679 |
| 008 - FIXED-LENGTH DATA ELEMENTS--GENERAL INFORMATION | |
| fixed length control field | 730221s1971 ne a b 000 0 eng |
| 010 ## - LIBRARY OF CONGRESS CONTROL NUMBER | |
| LC control number | 72171123 |
| 015 ## - NATIONAL BIBLIOGRAPHY NUMBER | |
| National bibliography number | Ne*** |
| 020 ## - INTERNATIONAL STANDARD BOOK NUMBER | |
| International Standard Book Number | 9022003248 |
| 035 ## - SYSTEM CONTROL NUMBER | |
| System control number | (Sirsi) r55012 |
| 035 ## - SYSTEM CONTROL NUMBER | |
| System control number | (DLC) 72171123 |
| 035 ## - SYSTEM CONTROL NUMBER | |
| System control number | (UPRA)lce00798679 |
| 050 0# - LIBRARY OF CONGRESS CALL NUMBER | |
| Classification number | QK644 |
| Item number | .S27 1971 |
| 082 ## - DEWEY DECIMAL CLASSIFICATION NUMBER | |
| Classification number | 581.4/98 |
| 100 1# - MAIN ENTRY--PERSONAL NAME | |
| Personal name | Schuurman, J. J. |
| Linkage | A13854.1 |
| 245 10 - TITLE STATEMENT | |
| Title | Methods for the examination of root systems and roots; |
| Remainder of title | methods in use at the Institute for Soil Fertility for eco-morphological root investigations |
| Statement of responsibility, etc. | [by] J. J. Schuurman and M. A. J. Goedewaagen. |
| 250 ## - EDITION STATEMENT | |
| Edition statement | 2d ed. rev. by J. J. Schuurman. |
| Remainder of edition statement | 2d ed. rev. by J. J. Schuurman. |
| 260 ## - PUBLICATION, DISTRIBUTION, ETC. | |
| Place of publication, distribution, etc. | Wageningen, |
| Name of publisher, distributor, etc. | Centre for Agricultural Pub. and Documentation, |
| Date of publication, distribution, etc. | 1971. |
| 504 ## - BIBLIOGRAPHY, ETC. NOTE | |
| Bibliography, etc. note | Bibliography: p. 71-84. |
| 650 #0 - SUBJECT ADDED ENTRY--TOPICAL TERM | |
| Topical term or geographic name entry element | Roots (Botany) -- Morphology. |
| General subdivision | Roots (Botany) -- Morphology. |
| Linkage | S9455.1 |
| 700 1# - ADDED ENTRY--PERSONAL NAME | |
| Personal name | Goedewaagen, M. A. J. |
| Linkage | A13855.1 |
| 949 ## - LOCAL PROCESSING INFORMATION (OCLC) | |
| a | QK644 |
| w | lcc |
| i | -71071 |
| m | MAIN |
| t | BOOK |
| l | ON-SHELF |
No items available.